000 00634nam a2200193 i 4500
001 34903
003 ES-MaACL
005 20230906155022.0
007 t|
008 030211s1950 sp ||||1| spa d
100 1 _aBoix Barrios, José.
_929902
245 1 4 _aLas cuatro vacunaciones del niño /
_cpor José Boix Barrios.
260 _aBarcelona :
_bB.Y.P.,
_c1950 (
_fRelieves Basa y Pagés)
300 _a70 p. :
_bil. ;
_c21 cm.
490 1 _aColección española de monografías médicas
830 0 _aColección española de monografías médicas
_9181541
852 _aES-MaACL
_j1911-F-3
_bR.29694
999 _c34903
_d34903